Communication theories for everyday life

Αποθηκεύτηκε σε:
Λεπτομέρειες βιβλιογραφικής εγγραφής
Άλλοι συγγραφείς: Baldwin, John R. 1960- (Επιμελητής έκδοσης), Perry, Stephen D. (Επιμελητής έκδοσης), Moffitt, Mary Anne 1944- (Επιμελητής έκδοσης)
Μορφή: Βιβλίο
Γλώσσα:English
Δημοσίευση: Boston ; : New York : Pearson-Allyn and Bacon, 2004
Θέματα:
Ετικέτες: Προσθήκη ετικέτας
Δεν υπάρχουν, Καταχωρήστε ετικέτα πρώτοι!

MARC

LEADER 00000nam a2200000 i 4500
001 1/66200
008 041119s2004 eng d
020 |a 0-205-34806-8 
035 |l 10075356 
040 |a GR-MY-UA  |b gre  |e aacr 
041 0 |a eng 
082 0 |a 302.201  |2 (21) 
245 1 0 |a Communication theories for everyday life /  |c edited by john R. Baldwin, Stephen D. Perry, Mary Anne Moffitt 
260 |a Boston ; :   |a New York :   |b Pearson-Allyn and Bacon,   |c 2004 
300 |a 412 p.;  |b ill.;  |c 24 cm 
650 0 0 |a Communication  |x Philosophy. 
700 1 |a Baldwin, John R.  |d 1960-  |4 edt 
700 1 |a Perry, Stephen D.  |4 edt 
700 1 |a Moffitt, Mary Anne  |d 1944-  |4 edt 
852 |a INST  |b RHODES  |e 20041119  |h 302.201 COM  |p 005400017993  |q 005400017993  |t BK  |y 0 
901 |a BIBL4-2004-3 
909 |a Ρ  |b 116585 
922 |a 4ΕΛΗ  |b 200408  |c ΕΠΕΑΕΚ2/ΤΕΠΑΕΣ  |d ΜΙΧΑΛΟΠΟΥΛΟΣ 
950 |a 096-2004-10-04 
970 |a ΧΟΡΟΖΙΔΟΥ  |b ΤΖΕΝΗ  |z 2004/11/26